00672nam a2200181 a 450000100100000000500170001000800410002704000250006808200150009310000310010824500360013926000400017530000220021504900090023795201130024695201140035999900170047300002815720200930031410.0110407s1997 dr 000 0 spa d aDO-SdBNPbspacBNPHU axxxbM798s1 aMontolío, Ignacio95515510aSalomé /cIgnacio Montolío. aSanto Domingo :bBlocquerst,c1997. a[21 p.] ;c13 cm. aBNPD 0010718PDaPDbPDcCTd2011-04-07iLF1l0oxxx M798sp28157-10r2020-06-25w2020-06-25yLFPDZNo se presta 00107-18PDaPDbPDcOId2011-04-07iLF1l0oxxx M798sp28157-20r2020-06-25w2020-06-25yLFPDZNo se presta c27649d27649